000 00510nam a2200205Ia 4500
003 OSt
005 20230413105830.0
008 210423s2010 xx 000 0 und d
020 _a9789350062685
040 _cAL
041 _aeng
082 _a540.92 PUNS
100 _aPUNDIR (Sudhir K);BANSAL (Anshu).
_941672
245 _aComputers for chemists.
260 _aMeerut
_bPragati Prakashan
_c2010
300 _ax,443
_bPB
365 _b260
_cINR
906 _achemists. ; Computers
942 _2ddc
_cBK
999 _c154632
_d154632